| 000 | 00695nam a2200181 i 4500 | ||
|---|---|---|---|
| 001 | 36291 | ||
| 003 | ES-MaACL | ||
| 007 | t| | ||
| 008 | 030217s1950 ag ||||1| spa d | ||
| 100 | 1 |
_aBrewster, Ray Q. _931655 |
|
| 245 | 1 | 0 |
_aQuímica orgánica / _cpor Ray Q. Brewester ; Versión al castellano por José L.M. Anthonisen ; revisado por Oscar L. Galmarini, Carlos M. Vega ; prólogo por Venancio Dulofeu. |
| 260 |
_aBuenos Aires : _bEditorial Médico Quirúrgica, _c1950 ( _fDidot) |
||
| 300 |
_a2 t. : _bil. ; _c23 cm. |
||
| 700 | 1 |
_aAnthonisen, José L.M. _921882 |
|
| 700 | 1 |
_aGalmarini, Oscar L. _953656 |
|
| 700 | 1 |
_aDeulofeu, Venancio. _943976 |
|
| 852 |
_aES-MaACL _jE-2349-50 _bR.31456 |
||
| 999 |
_c36291 _d36291 |
||